| 000 | 00000nam##2200000za#4500 |
| 001 | 9.618793 |
| 003 | CaOODSP |
| 005 | 20210615103045 |
| 007 | ta |
| 008 | 150406|2008||||xxc||||| f|0| 0 eng|d |
| 022 | |a0706-6457 |
| 040 | |aCaOODSP|beng |
| 043 | |an-cn--- |
| 086 | 1 |aFs97-6/2787E |
| 110 | 1 |aCanada. |bDepartment of Fisheries and Oceans. |
| 245 | 10|aMusquash estuary marine protected area ecosystem framework and monitoring workshop report / |cby Jessie Davies, Rabindra Singh, Maria-Ines Buzeta. |
| 260 | |aSt. Andrews - New Brunswick : |bFisheries and Oceans Canada |c2008. |
| 300 | |avi, 23. : |breferences, tables ; |c28 cm. |
| 490 | 1 |aCanadian technical report of fisheries and aquatic sciences|x0706-6457|v2787 |
| 500 | |a"Fisheries and Oceans Canada, Maritimes Region, Biological Station, 531 Brandy Cove Road, St. Andrews, NB, E5B 2L9." |
| 520 | 3 |aPresents the proceedings of the Musquash Estuary Marine Protected Area Ecosystem Framework and Monitoring workshop, held in December of 2007 in St. Andrews New Brunswick. |
| 546 | |a(Résumé en français.) |
| 563 | |aSoftcover |
| 590 | |a08-17|b2008-04-25 |
| 720 | 1 |aSingh, Rabindra |
| 720 | 1 |aBuzeta, Maria-Ines |
| 720 | 1 |aDavies, Jessie |
| 776 | 0#|tMusquash estuary marine protected area ecosystem framework and monitoring workshop report / |w(CaOODSP)9.574389 |
| 830 | #0|aCanadian technical report of fisheries and aquatic sciences,|x0706-6457|v2787|w(CaOODSP)9.514691 |